| 000 | 00395nam a22001577a 4500 | ||
|---|---|---|---|
| 999 |
_c7931 _d7931 |
||
| 003 | OSt | ||
| 005 | 20200604151848.0 | ||
| 008 | 200604b ||||| |||| 00| 0 eng d | ||
| 020 | _a9781138293953 | ||
| 082 |
_a624.177 _bMAC |
||
| 100 | _a MacDonald, Angus J. | ||
| 245 | _aStructure and architecture | ||
| 250 | _a2nd ed. | ||
| 260 |
_aLondon _bTaylor & Francis Publishing _c2007 |
||
| 942 | _2ddc | ||